|
|
|
|
| LEADER |
01455njm a2200337 a 4500 |
| 001 |
000641565 |
| 003 |
CZ BrMZK |
| 005 |
20021218094732.0 |
| 007 |
ss lsnjlcmpnzu |
| 008 |
021211s2002 xr cy f d cze d |
| 028 |
0 |
1 |
|a 54 545-4
|b Popron Music
|
| 040 |
|
|
|a BOA001
|b cze
|
| 047 |
|
|
|a cy
|
| 048 |
|
|
|a od
|b vu
|
| 080 |
|
|
|a (086.7)
|2 MRF
|
| 080 |
|
|
|a 785.16
|2 MRF
|
| 100 |
1 |
|
|a Martinová, Věra,
|d 1960-
|7 jn20000401740
|4 sng
|
| 245 |
1 |
0 |
|a Svět je plnej různejch řečí
|h [zvukový záznam]
|
| 260 |
|
|
|a Praha :
|b Popron Music,
|c p2002
|
| 300 |
|
|
|a 1 zvuková kazeta :
|b analog, Dolby HX-Pro +
|e 1 leták (10 x 33 cm)
|
| 500 |
|
|
|a Vydáno také na kompaktní desce s objednacím číslem 54 545-2
|
| 500 |
|
|
|a Nahráno ve studiu Amod, květen-črven 2002
|
| 505 |
0 |
0 |
|t Čekání --
|t Až tě uvidí --
|t Rákosí --
|t Máš ho akorát --
|t Návraty --
|t Ten, kdo poznal --
|t Chlap, co na mě zbyl --
|t Odpouštím --
|t Krásný léto --
|t Lasem slůvek spoutaná --
|t Proč se k ránu chlapi ztrácejí --
|t Svět je plnej různejch řečí --
|t Buchty makový --
|t Whiskey, to je moje gusto
|
| 511 |
0 |
|
|a Věra Martinová a Schovanky
|
| 650 |
0 |
7 |
|a country písně
|7 ph119261
|2 czenas
|
| 655 |
|
4 |
|a populární hudba
|
| 655 |
|
4 |
|a country
|
| 710 |
2 |
|
|a Schovanky (hudební skupina)
|7 kn20010710301
|4 prf
|
| 910 |
|
|
|a BOA001
|b KZ-0010.818
|
| 990 |
|
|
|a AV
|
| 996 |
6 |
|
|b 261H011835
|c KZ-0010.818
|l MZK
|r Sklad / do 24 hodin
|n 0
|w 000641565
|u 000010
|a 1
|e BOA001
|j MZK50
|s P
|